Study and practice of military law / (Record no. 52535)

MARC details
000 -LEADER
fixed length control field 01255nam a22003137a 4500
005 - DATE AND TIME OF LATEST TRANSACTION
control field 2011052409069.0
008 - FIXED-LENGTH DATA ELEMENTS--GENERAL INFORMATION
fixed length control field 110524t xxu||||| |||| 00| 0 eng d
010 ## - LCCN (DPL NO)
LC control number ENG-102497
020 ## - INTERNATIONAL STANDARD BOOK NUMBER
International Standard Book Number 9788184502848
Terms of availability 1000.00
035 ## - SYSTEM CONTROL NUMBER
System control number EN-86030
037 ## - SOURCE OF ACQUISITION
Source of stock number/acquisition DBAD / PUB
040 ## - CATALOGING SOURCE
Original cataloging agency dpl
Language of cataloging English
082 ## - DEWEY DECIMAL CLASSIFICATION NUMBER
Classification number 343.5401
100 h# - MAIN ENTRY--PERSONAL NAME
9 (RLIN) 27410
Personal name Sharma, G. K.
110 ## - MAIN ENTRY--CORPORATE NAME
9 (RLIN) 27425
245 ## - TITLE STATEMENT
Title Study and practice of military law /
Statement of responsibility, etc by G. K. Sharma [and] M. S. Jaswal
250 ## - EDITION STATEMENT
Edition statement 7th rev. & enl. ed with Army Act 1950, Army Rules 1954, The Right to Information Act 2005, rules regulations and larest case law
260 ## - PUBLICATION, DISTRIBUTION, ETC. (IMPRINT)
Place of publication, distribution, etc New Delhi
Name of publisher, distributor, etc Deep & Deep Publications
Date of publication, distribution, etc 2010
270 ## - ADDRESS
Address F-159, Rajouri Garden
City New Delhi
Postal code 110027
Telephone number 25435369,25440916
300 ## - PHYSICAL DESCRIPTION
Extent Iv, 1256 p.
Dimensions 25cm (Hb)
500 ## - GENERAL NOTE
General note Includes bibliographical references
650 ## - SUBJECT ADDED ENTRY--TOPICAL TERM
9 (RLIN) 27411
650 ## - SUBJECT ADDED ENTRY--TOPICAL TERM
9 (RLIN) 27412
650 ## - SUBJECT ADDED ENTRY--TOPICAL TERM
9 (RLIN) 27426
700 ## - ADDED ENTRY--PERSONAL NAME
9 (RLIN) 27415
Personal name Jaswal, M. S.
942 ## - ADDED ENTRY ELEMENTS (KOHA)
Institution code [OBSOLETE] dpl
Item type English Books
Source of classification or shelving scheme Dewey Decimal Classification
Call number suffix SHA
Classification part 343.5401
Holdings
Withdrawn status Lost status Source of classification or shelving scheme Damaged status Not for loan Collection code Home library Current library Date acquired Source of acquisition Cost, normal purchase price Total Checkouts Full call number Barcode Date last seen Copy number Cost, replacement price Koha item type
    Dewey Decimal Classification   Not For Loan Non-fiction D.B.Act.Division D.B.Act.Division 24/05/2011 DBAD / PUB 1000.00   343.5401 SHA EN-86030 24/05/2011 1 1000.00 English Books

© Delhi Public Library
Hit Counter
free hit counter